Полярографическое электровосстановление ионов металла при катализе лигандом - продуктом параллельной электродной реакции: отдельный оттиск

Detalles Bibliográficos
Autor Principal: Турьян Я. И.
Outros autores: Рожкова Т. Е., Кудинов П. И.
Idioma:ruso
Publicado: Москва, [Б. и.], 1978
Series:Электрохимия Т. 14, вып. 6
Subjects:
Formato: Libro
KOHA link:https://koha.lib.tpu.ru/cgi-bin/koha/opac-detail.pl?biblionumber=335027

MARC

LEADER 00000nam0a2200000 4500
001 335027
005 20231102004719.0
035 |a (RuTPU)RU\TPU\book\361350 
090 |a 335027 
100 |a 20170912d1978 k y0rusy50 ca 
101 0 |a rus 
102 |a RU 
105 |a y z 001zy 
200 1 |a Полярографическое электровосстановление ионов металла при катализе лигандом - продуктом параллельной электродной реакции  |e отдельный оттиск  |f Я. И. Турьян, Т. Е. Рожкова, П. И. Кудинов 
210 |a Москва  |c [Б. и.]  |d 1978 
215 |a 1 с. 
225 1 |a Электрохимия  |v Т. 14, вып. 6 
320 |a Библиогр. в конце ст. 
606 1 |a Электрохимия  |2 stltpush  |3 (RuTPU)RU\TPU\subj\21014  |9 46066 
610 1 |a электрохимические процессы 
610 1 |a электродные реакции 
610 1 |a электровосстановление 
610 1 |a лиганды 
610 1 |a окисление 
610 1 |a ионы металлов 
610 1 |a оттиски 
610 1 |a библиотека А. Г. Стромберга 
675 |a 544.6  |v 4 
700 1 |a Турьян  |b Я. И. 
701 1 |a Рожкова  |b Т. Е. 
701 1 |a Кудинов  |b П. И. 
801 1 |a RU  |b 63413507  |c 20170912 
801 2 |a RU  |b 63413507  |c 20171215  |g RCR 
942 |c BK